| 000 | 00371nam a22001457a 4500 | ||
|---|---|---|---|
| 005 | 20240130112615.0 | ||
| 008 | 240130b |||||||| |||| 00| 0 eng d | ||
| 020 | _a81-85814-52-X | ||
| 041 | _aeng | ||
| 100 |
_aNAUHRIA, R.N. AND PRAKASH RAJNISH _98409 |
||
| 245 | _aMANAGEMENT OF SYSTEM | ||
| 260 |
_aNEW DELHI _bWHEELER PUBLISHING _c1995 |
||
| 300 | _a792;p | ||
| 942 | _cBK | ||
| 999 |
_c8499 _d8497 |
||